Pokémon on E - Statistics

General Stats
  • This quiz has been taken 8 times
    7 since last reset
  • The average score is 16 of 26
Answer Stats
Picture Answer % Correct
Eevee
100%
Electabuzz
100%
Espeon
100%
Ekans
83%
Electrode
83%
Empoleon
83%
Entei
83%
Excadrill
83%
Electrike
67%
Elekid
67%
Emboar
67%
Emolga
67%
Espurr
67%
Eternatus
67%
Exploud
67%
Eiscue
50%
Electivire
50%
Exeggcute
50%
Exeggutor
50%
Eelektrik
33%
Eelektross
33%
Eldegoss
33%
Elgyem
33%
Enamorus
33%
Escavalier
33%
Espathra
17%
No matching quizzes found
Score Distribution
Percent of People with Each Score
Percentile by Number Answered
Your Score History
You have not taken this quiz since the last reset